Pistas para andar con las dos piernas en las luchas actuales /
Gorde:
| Egile nagusia: | |
|---|---|
| Formatua: | Liburua |
| Hizkuntza: | Spanish |
| Etiketak: |
Etiketa erantsi
Etiketarik gabe, Izan zaitez lehena erregistro honi etiketa jartzen!
|
MARC
| LEADER | 00000nam a22000007a 4500 | ||
|---|---|---|---|
| 003 | cru CIDCACS/IIS | ||
| 005 | 20191024154938.0 | ||
| 007 | ta | ||
| 008 | 191024s2016 cu |||p|r|||| 00| ||spa|d | ||
| 999 | |c 42541 |d 42541 | ||
| 040 | |c cru CIDCACS/IIS | ||
| 100 | 1 | |9 4919 |a Valdés Gutiérrez, Gilberto | |
| 245 | 1 | |a Pistas para andar con las dos piernas en las luchas actuales / |c Gilberto Váldes | |
| 300 | |a páginas 6-11 | ||
| 773 | 0 | |0 41970 |9 2977 |a Centro Memorial Dr. Martin Luther King, Jr |d La Habana, Cuba: Centro Memorial Dr. Martin Luther King, Jr, |o 17963 |t Caminos: |x 10257733 | |
| 942 | |2 ddc |c PP | ||
